Normal view MARC view
  • Finite Element Analysis Theory and Application with ANSYS

Entry Topical Term

Number of records used in: 1

001 - CONTROL NUMBER

  • control field: 131231

003 - CONTROL NUMBER IDENTIFIER

  • control field: NUST

005 - DATE AND TIME OF LATEST TRANSACTION

  • control field: 20251020101744.0

008 - FIXED-LENGTH DATA ELEMENTS

  • fixed length control field: 251020|| aca||aabn | a|a d

040 ## - CATALOGING SOURCE

  • Original cataloging agency: NUST
  • Transcribing agency: NUST

150 ## - HEADING--TOPICAL TERM

  • Topical term or geographic name entry element: Finite Element Analysis Theory and Application with ANSYS

670 ## - SOURCE DATA FOUND

  • Source citation: Work cat.: (NUST): Saeed Moaveni 131230, Finite Element Analysis Theory and Application with ANSYS, 2015.
© 2023 Central Library, National University of Sciences and Technology. All Rights Reserved.